000 00206 a2200097 4500
001 6991
100 _aDogar, T.M
245 _aStandard general knowledge
260 _a
_bDogar Sons
_c
090 _c5774
_d5774
942 _aNUST-CAE
_cM
_c32238
999 _c242064
_d242064